Statistics for Countries That Border More Than One Ocean

Click here to take the quiz!

General Stats

  • This quiz has been taken 125 times
    (56 since last reset)
  • The average score is 18 of 21

Answer Stats

OceansCountry% Correct
Atlantic, Arctic, PacificUnited States
100%
Atlantic, Pacific, ArcticCanada
100%
Indian, Pacific, SouthernAustralia
98%
Atlantic, Arctic, PacificRussia
98%
Atlantic, Indian, SouthernSouth Africa
94%
Atlantic, PacificPanama
94%
Atlantic, PacificMexico
92%
Atlantic, Pacific, SouthernChile
92%
Atlantic, ArcticNorway
90%
Indian, PacificIndonesia
90%
Atlantic, Pacific, SouthernArgentina
88%
Atlantic, PacificGuatemala
87%
Atlantic, PacificHonduras
87%
Atlantic, PacificNicaragua
87%
Atlantic, PacificColombia
87%
Atlantic, PacificCosta Rica
87%
Indian, PacificMalaysia
79%
Indian, PacificThailand
77%
Atlantic, IndianEgypt
63%
Atlantic, IndianIsrael
60%
Indian, PacificEast Timor
48%

Score Distribution

Percentile by Number Answered

Percent of People with Each Score

Your Score History

You have not taken this quiz since the last reset